[Event "AUTO-ADV-761"]
[Site "http://www.queenalice.com/game.php?id=332390"]
[Date "2008.1.7"]
[Round "1"]
[White "jared"]
[Black "extinsion_extelar"]
[Result "0-1"]
[WhiteElo "1733"]
[BlackElo "1780"]

1. d4 d5 2. Nf3 Nf6 3. e3 e6 4. Bd3 Nbd7 5. c4 b6 6. cxd5 exd5 7. Nc3 Bb7 8. Bd2
Ne4 9. a3 c5 10. Bb5 Nxd2 11. Qxd2 a6 12. Bxd7+ Qxd7 13. O-O Be7 14. Ne5 Qc7 15.
dxc5 Qxe5 16. cxb6 Bd6 17. f4 Qe6 18. Rfe1 O-O 19. Rad1 Bc5 20. Nxd5 Rfd8 21.
Qa5 Rxd5 22. Rxd5 Qxd5 0-1

[Event "AUTO-ADV-761"]
[Site "http://www.queenalice.com/game.php?id=332405"]
[Date "2008.1.7"]
[Round "1"]
[White "nelson_cxc"]
[Black "jared"]
[Result "1-0"]
[WhiteElo "1937"]
[BlackElo "1675"]

1. d4 Nf6 2. c4 e6 3. Bg5 Be7 4. Nc3 b6 5. e4 Bb7 6. Bd3 h6 7. Bh4 d6 8. Nge2
Nbd7 9. O-O c5 10. d5 Ne5 11. f4 Nxd3 12. Qxd3 O-O 13. Ng3 Ne8 14. Bxe7 Qxe7 15.
Rae1 Qd7 16. f5 Nf6 17. fxe6 fxe6 18. e5 exd5 19. exf6 dxc4 20. Qxc4+ 1-0

[Event "AUTO-ADV-761"]
[Site "http://www.queenalice.com/game.php?id=332406"]
[Date "2008.1.7"]
[Round "1"]
[White "jared"]
[Black "nelson_cxc"]
[Result "1-0"]
[WhiteElo "1697"]
[BlackElo "1580"]

1. d4 Nf6 2. Nf3 e6 3. Bg5 Be7 4. e3 h6 5. Bxf6 Bxf6 6. Bd3 Nc6 7. Nc3 b6 8. Qe2
Bb7 9. Ba6 Bxa6 10. Qxa6 Nb4 11. Qa4 a5 12. a3 Nc6 13. Ne4 O-O 14. Nxf6+ Qxf6
15. O-O Qg6 16. c3 Qh5 17. Qc2 f5 18. Rae1 Ne7 19. e4 fxe4 20. Qxe4 Nd5 21. Ne5
Rf4 22. Qg6 Qxg6 23. Nxg6 Rf6 24. Ne5 d6 25. Nc6 Raf8 26. f3 Rg6 27. Re4 1-0

[Event "AUTO-ADV-761"]
[Site "http://www.queenalice.com/game.php?id=332415"]
[Date "2008.1.7"]
[Round "1"]
[White "Hakkinen"]
[Black "jared"]
[Result "1-0"]
[WhiteElo "1864"]
[BlackElo "1738"]

1. d4 Nf6 2. c4 c6 3. Nc3 d5 4. cxd5 cxd5 5. Bf4 e6 6. Nf3 Bb4 7. Bxb8 Rxb8 8.
Qa4+ Qd7 9. Qxb4 b6 10. Ne5 Qc7 11. Nb5 Qd8 12. Nc6 1-0

[Event "AUTO-ADV-761"]
[Site "http://www.queenalice.com/game.php?id=332416"]
[Date "2008.1.7"]
[Round "1"]
[White "jared"]
[Black "Hakkinen"]
[Result "0-1"]
[WhiteElo "1715"]
[BlackElo "1825"]

1. d4 d5 2. Nf3 Nf6 3. e3 e6 4. c4 c6 5. Nc3 Bb4 6. Bd2 O-O 7. a3 Bxc3 8. Bxc3
Ne4 9. Bb4 Re8 10. Nd2 a5 11. Nxe4 axb4 12. Nc5 b6 13. Nb3 bxa3 14. Rxa3 Rxa3
15. bxa3 Ba6 16. Qc2 Nd7 17. Bd3 Qg5 18. O-O Nf6 19. Nd2 e5 20. dxe5 Qxe5 21.
Nf3 Qh5 22. Rb1 dxc4 23. Bxc4 Bxc4 24. Qxc4 Qc5 25. Qxc5 bxc5 26. Ne5 Rxe5 27.
f4 Rxe3 28. Kf2 Re8 29. a4 Ne4+ 30. Kg1 c4 31. a5 c3 0-1

[Event "AUTO-ADV-767"]
[Site "http://www.queenalice.com/game.php?id=335240"]
[Date "2008.1.12"]
[Round "1"]
[White "Leodecaprio"]
[Black "jared"]
[Result "1-0"]
[WhiteElo "2016"]
[BlackElo "1708"]

1. e4 c5 2. Nf3 Nc6 3. Bb5 g6 4. O-O a6 5. Bxc6 dxc6 6. Re1 Bg7 7. Nc3 Bxc3 8.
bxc3 Bg4 9. c4 Nf6 10. Bb2 Bxf3 11. Qxf3 O-O 12. Qh3 Qxd2 13. e5 Nh5 14. Qb3 Qb4
15. Ba3 Qxb3 16. cxb3 b6 17. Rad1 Rad8 18. Bc1 Rd4 19. Bb2 Rxd1 20. Rxd1 e6 21.
Bc1 Rc8 22. Rd7 b5 23. h3 Kf8 24. Bh6+ Ke8 25. Ra7 bxc4 26. bxc4 f6 27. g4 1-0

[Event "AUTO-ADV-767"]
[Site "http://www.queenalice.com/game.php?id=335241"]
[Date "2008.1.12"]
[Round "1"]
[White "jared"]
[Black "Leodecaprio"]
[Result "0-1"]
[WhiteElo "1748"]
[BlackElo "2038"]

1. d4 d5 2. c4 c6 3. Bf4 Nf6 4. Nf3 dxc4 5. Bxb8 Rxb8 6. Qa4 Qb6 7. Qxc4 Qxb2 8.
Qc3 Qxc3+ 9. Nxc3 Bg4 10. Ne5 Bh5 11. e3 e6 12. Be2 Bb4 13. Rc1 Bxe2 14. Kxe2
O-O 15. g4 Rfd8 16. Kd3 Nd7 17. Nxd7 Rxd7 18. f4 c5 19. Ne4 cxd4 20. Rc4 dxe3+
21. Kxe3 Be7 22. Rhc1 Rbd8 23. Rc8 Kf8 24. R1c3 Ke8 25. Rxd8+ Kxd8 26. Rd3 Rxd3+
27. Kxd3 Kc7 28. a4 Kc6 29. Kc4 b6 30. f5 exf5 31. gxf5 a6 32. Nc3 Bd6 33. h4 h5
34. Ne4 Be7 35. Ng3 g6 36. Kd4 Bxh4 0-1

[Event "AUTO-ADV-767"]
[Site "http://www.queenalice.com/game.php?id=335254"]
[Date "2008.1.12"]
[Round "1"]
[White "Warrior"]
[Black "jared"]
[Result "1-0"]
[WhiteElo "1973"]
[BlackElo "1634"]

1. e4 c5 2. c3 d5 3. exd5 Qxd5 4. d4 cxd4 5. cxd4 Nc6 6. Nf3 Bg4 7. Nc3 Qh5 8.
Be2 Rd8 9. Be3 e5 10. Qa4 Bb4 11. dxe5 Bxc3+ 12. bxc3 Ne7 13. O-O O-O 14. Bf4
Qf5 15. h3 Bxf3 16. Bxf3 a6 17. Bg3 Rd2 18. Rfe1 Rfd8 19. Qe4 Qxe4 20. Bxe4 Rb2
21. Rab1 Rxb1 22. Rxb1 b5 23. Bf4 h6 24. Kf1 g5 25. Bg3 f5 26. exf6 1-0

[Event "AUTO-ADV-767"]
[Site "http://www.queenalice.com/game.php?id=335255"]
[Date "2008.1.12"]
[Round "1"]
[White "jared"]
[Black "Warrior"]
[Result "0-1"]
[WhiteElo "1637"]
[BlackElo "1970"]

1. d4 Nf6 2. c4 e6 3. Nc3 Bb4 4. Bd2 O-O 5. e4 Bxc3 6. Bxc3 Nxe4 7. Ne2 Nxc3 8.
Nxc3 d5 9. cxd5 exd5 10. Bd3 Re8+ 11. Ne2 Qg5 12. O-O c6 13. Kh1 Nd7 14. Qc2 Nf6
15. Rae1 Bd7 16. f3 Re3 17. Ng3 Rae8 18. Rxe3 Qxe3 0-1

[Event "AUTO-ADV-767"]
[Site "http://www.queenalice.com/game.php?id=335262"]
[Date "2008.1.12"]
[Round "1"]
[White "bebop1"]
[Black "jared"]
[Result "1-0"]
[WhiteElo "1973"]
[BlackElo "1757"]

1. d4 Nf6 2. c4 g6 3. g3 d5 4. cxd5 Qxd5 5. Nf3 Bg7 6. Bg2 Be6 7. Nc3 Qa5 8. O-O
Bg4 9. Qb3 b6 10. Nb5 Na6 11. Ng5 O-O 12. Bxa8 1-0

[Event "AUTO-ADV-767"]
[Site "http://www.queenalice.com/game.php?id=335263"]
[Date "2008.1.12"]
[Round "1"]
[White "jared"]
[Black "bebop1"]
[Result "0-1"]
[WhiteElo "1678"]
[BlackElo "1938"]

1. d4 g6 2. c4 Bg7 3. e4 d6 4. Nc3 Nf6 5. Nf3 O-O 6. Be2 c5 7. d5 e5 8. Be3 Bd7
9. a3 Ng4 10. Nd2 Nxe3 11. fxe3 Bh6 12. Bg4 Qh4+ 13. g3 Qxg4 14. Qxg4 Bxg4 15.
Nf1 f5 16. Kd2 Bf3 17. Rg1 Bxe4 18. Nxe4 fxe4 19. Rg2 Nd7 20. Ke2 a6 21. Nd2 Nf6
22. Rf1 Ng4 23. h3 Nxe3 24. Rxf8+ Rxf8 25. Rf2 Rxf2+ 26. Kxf2 Nd1+ 27. Kg2 Bxd2
0-1

[Event "AUTO-OPEN-812"]
[Site "http://www.queenalice.com/game.php?id=335938"]
[Date "2008.1.13"]
[Round "2"]
[White "gipmachado"]
[Black "jared"]
[Result "1-0"]
[WhiteElo "2345"]
[BlackElo "1717"]

1. e4 c5 2. Nc3 Nc6 3. g3 Nf6 4. Bg2 d6 5. Nge2 g6 6. d4 Bg7 7. dxc5 dxc5 8.
Qxd8+ Nxd8 9. Be3 b6 10. e5 Bb7 11. exf6 Bxf6 12. Bxb7 Nxb7 13. O-O-O O-O 14.
Nd5 1-0

[Event "AUTO-OPEN-812"]
[Site "http://www.queenalice.com/game.php?id=335939"]
[Date "2008.1.13"]
[Round "2"]
[White "jared"]
[Black "gipmachado"]
[Result "0-1"]
[WhiteElo "1719"]
[BlackElo "2344"]

1. d4 Nf6 2. Nf3 d5 3. e3 e6 4. Bd3 c5 5. c3 Nbd7 6. Nbd2 Bd6 7. c4 cxd4 8. Nxd4
Ne5 9. Qc2 Nxd3+ 10. Qxd3 dxc4 11. Nxc4 Bc7 12. O-O e5 0-1

[Event "AUTO-OPEN-812"]
[Site "http://www.queenalice.com/game.php?id=335942"]
[Date "2008.1.13"]
[Round "2"]
[White "Soncini"]
[Black "jared"]
[Result "1/2-1/2"]
[WhiteElo "2124"]
[BlackElo "1734"]

1. e4 c5 2. Nf3 Nc6 3. c3 d6 4. Be2 g6 5. O-O Bg7 6. d4 cxd4 7. cxd4 Bg4 8. Be3
Nf6 9. Nc3 O-O 10. h3 Bxf3 11. Bxf3 e6 12. e5 dxe5 13. Bxc6 bxc6 14. dxe5 Nd5
15. Nxd5 Qxd5 16. Qxd5 cxd5 17. f4 a6 18. Rac1 Rfd8 19. Bd4 Rab8 20. b3 Rbc8 21.
Kf2 Bh6 22. g3 Rxc1 23. Rxc1 g5 24. fxg5 Bxg5 25. Rc6 Kg7 26. b4 Be7 27. Bc5
Bxc5+ 28. bxc5 d4 29. Rd6 Rxd6 30. exd6 Kf8 31. c6 Ke8 32. g4 e5 33. Kf3 h6 34.
Ke4 f6 35. a3 a5 36. a4 Kd8 37. Kd3 1/2-1/2

[Event "AUTO-OPEN-812"]
[Site "http://www.queenalice.com/game.php?id=335943"]
[Date "2008.1.13"]
[Round "2"]
[White "jared"]
[Black "Soncini"]
[Result "0-1"]
[WhiteElo "1734"]
[BlackElo "2089"]

1. d4 d5 2. c4 e6 3. cxd5 exd5 4. Nf3 Bd6 5. e3 Nf6 6. Bd3 O-O 7. Nc3 c6 8. Bd2
Bg4 9. h3 Bh5 10. g4 Bg6 11. Bxg6 fxg6 12. Qc2 Qe7 13. g5 Ne4 14. Nxe4 dxe4 15.
Ng1 Na6 16. h4 Nc7 17. Ne2 Nd5 18. Nc3 Nxc3 19. Bxc3 Rae8 20. O-O-O Rf3 21. Rdg1
Qf7 22. Be1 Qxa2 23. Rg2 Qa1+ 24. Qb1 Qxb1+ 25. Kxb1 c5 26. Bc3 Ref8 27. Rf1 b5
28. dxc5 Bxc5 29. Kc2 Bxe3 30. Be1 a5 31. Rg4 R8f4 32. Rxf4 Rxf4 33. Bd2 Rxf2
34. Rxf2 Bxf2 35. Bxa5 Bxh4 36. Bd2 Kf7 37. Kc3 Bf2 38. Kc2 e3 39. Bxe3 Bxe3 0-1

[Event "Challenge"]
[Site "http://www.queenalice.com/game.php?id=339110"]
[Date "2008.1.19"]
[Round "-"]
[White "jared"]
[Black "luke6469"]
[Result "0-1"]
[WhiteElo "1690"]
[BlackElo "1786"]

1. d4 Nf6 2. c4 e6 3. Nc3 d5 4. cxd5 exd5 5. Nf3 Be7 6. g3 Nc6 7. Bg2 Be6 8. e3
O-O 9. Bd2 Bg4 10. Qb3 Na5 11. Qc2 c6 12. Ne5 Be6 13. h3 Nd7 14. Nxd7 Qxd7 15.
O-O-O Nc4 16. e4 dxe4 17. Bxe4 Qxd4 18. Bxh7+ Kh8 19. Bg5 Bxg5+ 20. f4 Qe3+ 21.
Kb1 g6 22. Rhe1 Qxg3 23. Bxg6 fxg6 24. fxg5 Ne3 25. Qxg6 Bf5+ 0-1

[Event "Challenge"]
[Site "http://www.queenalice.com/game.php?id=339111"]
[Date "2008.1.19"]
[Round "-"]
[White "luke6469"]
[Black "jared"]
[Result "1-0"]
[WhiteElo "1773"]
[BlackElo "1703"]

1. c4 e5 2. Nc3 Nc6 3. g3 b6 4. Bg2 Bb7 5. Nf3 Bb4 6. Nxe5 Bxc3 7. Nxc6 Bxc6 8.
Bxc6 dxc6 9. bxc3 Nf6 10. d4 O-O 11. Bg5 Re8 12. O-O Re6 13. d5 cxd5 14. Bxf6
Qxf6 15. Qxd5 Rd8 16. Qb7 Red6 17. Qxa7 Qxc3 18. Qxc7 h6 19. a4 R8d7 20. Qc8+
Kh7 21. Qa6 Qe5 22. Qb5 Qxe2 23. c5 bxc5 24. Qxe2 1-0

[Event "AUTO-ADV-742"]
[Site "http://www.queenalice.com/game.php?id=371085"]
[Date "2008.3.14"]
[Round "2"]
[White "Indefinable"]
[Black "jared"]
[Result "1-0"]
[WhiteElo "1902"]
[BlackElo "1766"]

1. e4 c5 2. Nf3 Nc6 3. d4 cxd4 4. Nxd4 Nxd4 5. Qxd4 e6 6. Nc3 b6 7. Bf4 Qf6 8.
e5 Qf5 9. Bd3 Qh5 10. Nb5 Bc5 11. Qe4 Rb8 12. Nd6+ Bxd6 13. exd6 Bb7 14. Qa4
Qa5+ 15. Qxa5 bxa5 16. O-O Nf6 17. Be5 Nd5 18. Be4 O-O 19. c4 Nb4 20. Bxb7 Rxb7
21. Bc3 Rc8 22. b3 a6 23. f4 Rc6 24. Rfd1 Nc2 25. Rac1 Ne3 26. Rd3 Nf5 27. Bxa5
Rxd6 28. Rxd6 Nxd6 29. c5 Ne4 30. c6 dxc6 31. Rxc6 h6 32. Rxa6 Rd7 33. Ra8+ Kh7
34. Rd8 Rxd8 35. Bxd8 g5 36. fxg5 hxg5 37. a4 Nc5 38. a5 Na6 39. Bxg5 e5 40. Bd2
f5 41. b4 Nc7 42. Kf2 Kg6 43. Kf3 Kf6 44. g4 f4 45. Ke4 1-0

[Event "AUTO-ADV-742"]
[Site "http://www.queenalice.com/game.php?id=371086"]
[Date "2008.3.14"]
[Round "2"]
[White "jared"]
[Black "Indefinable"]
[Result "0-1"]
[WhiteElo "1744"]
[BlackElo "1895"]

1. d4 d5 2. e3 c5 3. c4 e6 4. Nf3 cxd4 5. Nxd4 Bc5 6. cxd5 Qxd5 7. Nc3 Bb4 8.
Bd2 Bxc3 9. Bxc3 Nf6 10. Nb5 Na6 11. Be2 Qxg2 0-1

[Event "AUTO-ADV-742"]
[Site "http://www.queenalice.com/game.php?id=371089"]
[Date "2008.3.14"]
[Round "2"]
[White "jared"]
[Black "Erinaldo"]
[Result "0-1"]
[WhiteElo "1755"]
[BlackElo "1885"]

1. d4 d5 2. e3 Nf6 3. c4 c6 4. Nf3 Nbd7 5. cxd5 cxd5 6. Bd3 Qc7 7. b4 e5 8. Bb2
Bxb4+ 9. Nbd2 e4 10. a3 Bxd2+ 11. Nxd2 exd3 12. Nf3 a5 13. Qxd3 b6 14. O-O Ba6
0-1

[Event "AUTO-ADV-649"]
[Site "http://www.queenalice.com/game.php?id=377310"]
[Date "2008.3.26"]
[Round "2"]
[White "stoyan1"]
[Black "jared"]
[Result "0-1"]
[WhiteElo "1889"]
[BlackElo "1724"]

1. e4 c5 2. Nf3 Nc6 3. Bc4 d6 4. Ng5 e6 5. d3 Nf6 6. Bb5 Bd7 7. Bxc6 Bxc6 8. Nc3
Be7 9. h3 d5 10. e5 Nd7 11. Qf3 Bxg5 12. Bxg5 Qc7 13. Qg3 Qxe5+ 14. Qxe5 Nxe5
15. f4 Nd7 16. O-O-O b5 17. a3 a5 18. Rde1 b4 19. axb4 axb4 20. Ne2 Ra1+ 21. Kd2
Rxe1 22. Rxe1 O-O 23. g4 f5 24. Be7 Rf7 25. Bd6 fxg4 26. hxg4 g5 27. Rh1 c4 28.
fxg5 cxd3 29. cxd3 Rf2 30. Bxb4 Rg2 31. Rg1 Rxg1 32. Nxg1 Ne5 33. Bc3 Nxg4 34.
Nf3 Kf7 35. d4 Kg6 36. b4 Kf5 37. Ke1 Kf4 38. Ne5 Nxe5 39. dxe5 Kxg5 40. Kf2 Kg4
41. Ke3 h5 42. Be1 h4 43. Kf2 h3 44. Kg1 d4 45. Kh2 Kf5 46. Kxh3 Kxe5 47. Kg3
Ke4 48. Kf2 Kd3 49. Kf1 e5 50. Bg3 e4 51. Ke1 Kc3 52. Be5 Kd3 53. Bd6 e3 54. Bc5
Bb5 55. Be7 Ke4 56. Bf6 d3 57. Bc3 Kd5 58. Kd1 Kc4 59. Be1 Ba4+ 60. Kc1 Kb3 61.
Bg3 d2+ 0-1

[Event "AUTO-ADV-649"]
[Site "http://www.queenalice.com/game.php?id=377311"]
[Date "2008.3.26"]
[Round "2"]
[White "jared"]
[Black "stoyan1"]
[Result "0-1"]
[WhiteElo "1744"]
[BlackElo "1917"]

1. d4 Nf6 2. c4 e6 3. Nc3 Bb4 4. Bd2 c5 5. d5 Bxc3 6. Bxc3 d6 7. e3 O-O 8. Nf3
exd5 9. cxd5 Bg4 10. Be2 Nbd7 11. O-O Ne4 12. Nd2 Bxe2 13. Qc2 Bxf1 14. Nxe4 Bc4
15. Nxd6 Bxd5 16. Qf5 Be6 17. Qf3 b6 18. Qg3 f6 19. Rd1 Bxa2 20. e4 a6 21. f4 b5
22. e5 b4 0-1